| 000 | 00622nam a2200181Ia 4500 | ||
|---|---|---|---|
| 001 | 10400 | ||
| 003 | GE_BSU | ||
| 008 | 181216s||||||||xx |||||||||||||| ||und|| | ||
| 040 | _cGE_BSU | ||
| 245 | _aაუდიტი,აღრიცხვა,ფინანსები. №5(173) 2014. | ||
| 245 | _cმთ.რედ:გიორგი ცერცვაძე | ||
| 260 | _aთბილისი | ||
| 260 | _bშპს "ააფ–მენეჯმენტი | ||
| 260 | _c2014 | ||
| 300 | _a60გვ.30სმ. | ||
| 653 | _aაუდიტი,აღრიცხვა,ფინანსები. | ||
| 942 | _cCR | ||
| 999 |
_c43661 _d43661 |
||